| 000 | 01313nam a22003617a 4500 | ||
|---|---|---|---|
| 003 | CHAP | ||
| 005 | 20250515062727.0 | ||
| 008 | 971013s1996 r 00010 d | ||
| 010 | _a61121 | ||
| 011 | _a62093 | ||
| 035 | _a66267 | ||
| 040 | _cCHAP | ||
| 090 | _aTesis | ||
| 100 | 0 | 0 |
_aLópez Toxqui, María Guadalupe. _968380 |
| 245 | _aCostos de producción de maíz y frijol en el ejido Quechulac (municipio de Guadalupe Vic. Puebla), ciclo P-V 1995 | ||
| 260 |
_aChapingo, Méx. : _bEl autor, _c1996 |
||
| 300 |
_a76 h. _b: ilus. ; gráfs. ; mapa ; anexo |
||
| 502 | _aTesis (Ing. Agr. Esp. en Economía Agrícola) -- UACH. Departamento de Economía Agrícola | ||
| 590 |
_aALEPH _b10 _c20130110 _lUCH01 _h1340 |
||
| 590 |
_aBATCH-UPD _b10 _c20130110 _lUCH01 _h0835 |
||
| 590 |
_aBATCH-UPD _b10 _c20130410 _lUCH01 _h0513 |
||
| 590 |
_aBATCH-UPD _b10 _c20130913 _lUCH01 _h2148 |
||
| 590 |
_aCONVERSION _b10 _c20130109 _lUCH01 _h1333 |
||
| 650 | 1 | 4 |
_aAgricultura de temporal. _91999 |
| 650 | 1 | 4 |
_aFrijol _xCostos de producción. _943355 |
| 650 | 1 | 4 |
_aFrijol _xPuebla. _943424 |
| 650 | 1 | 7 |
_aMaíz _xCostos de producción _2 _970915 |
| 650 | 1 | 4 |
_aMaíz _zPuebla. |
| 901 | _aBK | ||
| 942 | _cFOLL | ||
| 949 |
_bBC _cTES _d-151440 _eTS1 _h29298 _i66267 _si |
||
| 949 |
_bBC _cTES _d33724000620589 _eTS2 _fc.2 _h29299 _i66267 _si |
||
| 999 |
_c61121 _d61121 |
||